00577nam a2200169Ia 450000500170000000800410001702000150005808200130007310000150008624500680010126000590016930000170022850000460024594200060029195200950029799900150039220250422015556.0240331s9999 xx 000 0 und d a8123400322 bJAIa200 aJaiswal, S 0aVynavthim thottamum valarchchiyum :bvaishnavisham AD300-AD500- aNew DelhibIndian Council of Historical Researchc1991 aXV, 475 p ., aVainava samaiayathin arambamum valarchium cL 001040708LaWERCLbWERCLcSSCd2024-03-31l0o 200 JAIp1540r2024-03-31w2024-03-31yL c3560d3560